| 000 | 00407nam a2200157 i 4500 | ||
|---|---|---|---|
| 001 | 94562 | ||
| 003 | ES-MaACL | ||
| 005 | 20230906181517.0 | ||
| 007 | t| | ||
| 008 | 050509s1903 fr ||||1| fre d | ||
| 100 | 1 |
_aLoti, Pierre. _974298 |
|
| 245 | 1 | 2 |
_aL'Inde _b: (sans les anglais) / _cPierre Loti. |
| 260 |
_aParis : _b[s.n.], _c1903 ( _fChaix) |
||
| 300 |
_a458 p. ; _c18 cm. |
||
| 852 |
_aES-MaACL _jB-45 |
||
| 999 |
_c94562 _d94562 |
||